Liste des jeux Donkey Kong - Statistiques

Statistiques générales
  • Ce quiz a été pris 60 fois
  • Le résultat moyen est 11 sur 24
Statistiques - réponses
Console Jeux % Correct
Arcade Donkey Kong
100%
SNES Donkey Kong Country
92%
SNES Donkey Kong Counrty 3: Dixie Kong's Double Trouble
87%
SNES Donkey Kong Country 2: Diddy's Kong Quest
79%
Wii Donkey Kong Country Returns
77%
Wii U Donkey Kong Country: Tropical Freeze
73%
Nintendo 64 Donkey Kong 64
71%
Game & Watch Donkey Kong II
62%
Donkey Kong Jr.
56%
Arcade Donkey Kong 3
54%
Nintendo 64 Diddy Kong Racing
37%
GBA Mario VS Donkey Kong
37%
Gamecube Donkey Konga
35%
Gamecube Donkey Kong: Jungle Beat
33%
Gameboy Donkey Kong Land
29%
Gameboy Donkey Kong Land 2
29%
Gameboy Donkey Kong Land 3
29%
Gamecube Donkey Konga 2
17%
NES Donkey Kong Jr. Math
17%
Gamecube Donkey Konga 3
13%
DS DK: Jungle Climber
12%
Wii Donkey Kong: Jet Race
12%
GBA DK: King of Swing
10%
DS Mario vs Donkey Kong 2: La marche des Mini
4%
Aucun quiz correspondant
Distribution des résultats
% des personnes avec chaque résultat
Percentile par nombre de réponses
Votre historique - résultats
Vous n’avez pas pris ce quiz